[Event "Rated Blitz game"]
[Site "?"]
[Date "2021.02.23"]
[Round "?"]
[White "samuel2900"]
[Black "batasjon"]
[Result "1-0"]
[WhiteElo "2405"]
[BlackElo "2373"]
[PlyCount "163"]
[EventDate "2021.??.??"]
[EventType "blitz"]

1. e4 e5 2. Nf3 d5 3. Nxe5 Bd6 4. d4 dxe4 5. Bc4 Bxe5 6. dxe5 Qxd1+ 7. Kxd1 Nc6
8. Bf4 Nge7 9. Bg3 h5 10. h3 Nf5 11. Bh2 Nh4 12. Rg1 Ng6 13. Bb5 Bd7 14. Bxc6
Bxc6 15. Nc3 O-O-O+ 16. Ke2 Rde8 17. b4 a6 18. a4 b5 19. axb5 axb5 20. Ra6 Bb7
21. Ra5 c6 22. Nxe4 Nxe5 23. Nd6+ Kd7 24. Nxe8 Rxe8 25. Bxe5 Rxe5+ 26. Kd2 Re4
27. c3 Kc7 28. Re1 Rf4 29. f3 Kd6 30. Ra7 Bc8 31. Re4 Rf6 32. Rd4+ Ke5 33. Ke3
Be6 34. Ra1 g5 35. Re1 Bd5 36. Kf2+ Kd6 37. Red1 Ke5 38. h4 g4 39. f4+ Rxf4+
40. Rxf4 Kxf4 41. g3+ Ke5 42. Rd4 f5 43. Rf4 Be4 44. Ke3 Kd5 45. Kd2 Kc4 46.
Rf1 c5 47. bxc5 Kxc5 48. Ra1 f4 49. gxf4 g3 50. Ke3 Bd5 51. f5 g2 52. Rg1 Kc4
53. f6 Kxc3 54. Rxg2 b4 55. Rg5 Ba2 56. Rc5+ Kb2 57. Rb5 Kc3 58. Rb7 Bd5 59. f7
Bxf7 60. Rxf7 b3 61. Rb7 b2 62. Kf4 Kc2 63. Kg5 b1=Q 64. Rxb1 Kxb1 65. Kxh5 Kc2
66. Kg6 Kd3 67. h5 Ke4 68. h6 Kf4 69. h7 Kg4 70. h8=Q Kf4 71. Qh5 Ke4 72. Qf5+
Kd4 73. Kf6 Kc4 74. Qe5 Kd3 75. Qf4 Kc3 76. Qe4 Kd2 77. Qf3 Kc2 78. Ke5 Kd2 79.
Kd4 Kc2 80. Qf2+ Kb3 81. Qd2 Ka4 82. Qc3 {Time forfeit} 1-0

[Event "Rated Blitz game"]
[Site "?"]
[Date "2021.02.22"]
[Round "?"]
[White "SKlimov"]
[Black "JHUNJiGz"]
[Result "0-1"]
[WhiteElo "2542"]
[BlackElo "2337"]
[PlyCount "44"]
[EventDate "2021.??.??"]
[EventType "blitz"]

1. e4 e5 2. Nf3 d5 3. Nxe5 dxe4 4. d4 Bd6 5. Bc4 Bxe5 6. dxe5 Qxd1+ 7. Kxd1 Nc6
8. Bf4 Nge7 9. Re1 Bf5 10. Nc3 Ng6 11. Bg3 Ngxe5 12. Nxe4 O-O-O+ 13. Bd3 Nxd3
14. cxd3 Rxd3+ 15. Kc1 Nb4 16. a3 Rxg3 17. axb4 Rxg2 18. Rxa7 Kb8 19. Ra5 Bg6
20. Nc5 b6 21. Nd7+ Kb7 22. Rae5 Rxf2 {Normal} 0-1

[Event "Rated Blitz game"]
[Site "?"]
[Date "2021.02.22"]
[Round "?"]
[White "Chess289"]
[Black "CzechProphylaxis"]
[Result "0-1"]
[WhiteElo "2449"]
[BlackElo "2373"]
[PlyCount "106"]
[EventDate "2021.??.??"]
[EventType "blitz"]

1. e4 e5 2. Nf3 d5 3. Nc3 d4 4. Nb1 Nc6 5. Bc4 Bg4 6. d3 Qd7 7. h3 Bh5 8. g4
Bg6 9. a3 h5 10. g5 h4 11. b4 a6 12. Nbd2 Bh5 13. Bb2 Nge7 14. Qe2 Ng6 15.
O-O-O Nf4 16. Qf1 Bd6 17. Re1 Bg6 18. Kb1 a5 19. b5 Na7 20. a4 c6 21. b6 Nc8
22. Nxd4 Nxb6 23. Ne2 Nxe2 24. Qxe2 Bh5 25. Qe3 Nxa4 26. Ba1 Bc5 27. d4 exd4
28. Qf4 O-O-O 29. Nb3 Bb6 30. e5 Nc3+ 31. Bxc3 dxc3 32. e6 Qe7 33. exf7 Qa3 34.
Be6+ Rd7 35. Qc1 Qb4 36. Rd1 Rhd8 37. Rxd7 Rxd7 38. Rd1 Bxd1 39. Qxd1 Kb8 40.
Qxd7 Qa3 41. f8=Q+ Qxf8 42. Qd1 a4 43. Qc1 Qb4 44. Ka2 axb3+ 45. Bxb3 Bc5 46.
f4 Qa5+ 47. Kb1 Ba3 48. Qe3 Bb2 49. Qe8+ Ka7 50. Ba2 Qc5 51. Qe3 Qxe3 52. Bb3
Qe1+ 53. Ka2 Qa1# {Normal} 0-1

[Event "Rated Blitz game"]
[Site "?"]
[Date "2021.02.22"]
[Round "?"]
[White "Aibek_123"]
[Black "Fantastic_power06"]
[Result "1-0"]
[WhiteElo "2411"]
[BlackElo "2554"]
[PlyCount "54"]
[EventDate "2021.??.??"]
[EventType "blitz"]

1. e4 e5 2. Nf3 d5 3. d4 dxe4 4. Nxe5 Bd6 5. Nc4 Nc6 6. Ne3 Nf6 7. Be2 h5 8. h3
Qe7 9. c4 Bd7 10. Nc3 O-O-O 11. a3 Bf4 12. Ned5 Nxd5 13. Nxd5 Qg5 14. Nxf4 Kb8
15. Be3 Bc8 16. h4 Qf6 17. d5 Ne5 18. Qc2 Bf5 19. O-O-O a6 20. Qc3 g6 21. Qd4
b6 22. c5 Rc8 23. Bxa6 Rcd8 24. cxb6 cxb6 25. Qxb6+ Qxb6 26. Bxb6 Rd6 27. Bd4
Rxa6 {Normal} 1-0

[Event "Rated Blitz game"]
[Site "?"]
[Date "2021.02.22"]
[Round "?"]
[White "maelru"]
[Black "Fantastic_power06"]
[Result "0-1"]
[WhiteElo "2495"]
[BlackElo "2584"]
[PlyCount "136"]
[EventDate "2021.??.??"]
[EventType "blitz"]

1. e4 e5 2. Nf3 d5 3. d3 Nc6 4. Nbd2 Nf6 5. Be2 g6 6. O-O Bg7 7. c3 O-O 8. Qc2
a5 9. b3 h6 10. a3 Be6 11. Bb2 Nh5 12. Rfe1 f5 13. Bf1 g5 14. exd5 Qxd5 15. c4
Qd6 16. c5 Qd5 17. d4 e4 18. Bc4 Qd7 19. Ne5 Nxe5 20. dxe5 Nf4 21. Rad1 Nd3 22.
Bxd3 Qxd3 23. Qxd3 exd3 24. Nc4 a4 25. Rxd3 axb3 26. Ne3 f4 27. Nf1 Ra5 28. Rc1
Kf7 29. Nd2 Rb5 30. f3 Ra8 31. Ne4 Bf8 32. Rcc3 Bf5 33. Rxb3 Rxb3 34. Rxb3 Bxe4
35. fxe4 Bxc5+ 36. Kf1 Ke6 37. Ke2 b6 38. Kf3 Rd8 39. h4 Rd2 40. hxg5 hxg5 41.
g3 Rf2+ 42. Kg4 Rg2 43. Kh3 Rxg3+ 44. Rxg3 fxg3 45. Kxg3 Bf8 46. Kg4 Bg7 47.
Kxg5 Bxe5 48. Bc1 c5 49. Kg4 Bc3 50. Kf3 Bd4 51. Ke2 c4 52. Kf3 Ke5 53. Bf4+
Ke6 54. a4 Bb2 55. Bc7 c3 56. Ke2 c2 57. Bf4 c1=Q 58. Bxc1 Bxc1 59. Kd3 Ba3 60.
Kc4 Bc1 61. Kb5 Be3 62. a5 bxa5 63. Kxa5 Bd4 64. Ka4 Be5 65. Kb3 Kd6 66. Kc2
Bf6 67. Kd3 Ke5 68. Ke2 Be7 {Time forfeit} 0-1

[Event "Rated Blitz game"]
[Site "?"]
[Date "2021.02.22"]
[Round "?"]
[White "provolution"]
[Black "KamranShirazi"]
[Result "0-1"]
[WhiteElo "2320"]
[BlackElo "2479"]
[PlyCount "52"]
[EventDate "2021.??.??"]
[EventType "blitz"]

1. e4 e5 2. Nf3 d5 3. Nxe5 Bd6 4. d4 dxe4 5. Be3 Bxe5 6. dxe5 Qxd1+ 7. Kxd1
Bg4+ 8. Be2 Bxe2+ 9. Kxe2 Nc6 10. Bf4 Nd4+ 11. Kd1 O-O-O 12. Nd2 Ne7 13. c3 Ne6
14. Be3 Nd5 15. Re1 f5 16. exf6 gxf6 17. Kc2 f5 18. f3 f4 19. Bxa7 e3 20. Ne4
b6 21. c4 Nb4+ 22. Kb3 Nd3 23. c5 Nexc5+ 24. Nxc5 Nxc5+ 25. Kc4 Kb7 26. b4 Nd3
{Normal} 0-1

[Event "Rated Blitz game"]
[Site "?"]
[Date "2021.02.22"]
[Round "?"]
[White "Orsanchez"]
[Black "RJF72"]
[Result "1-0"]
[WhiteElo "2418"]
[BlackElo "2273"]
[PlyCount "91"]
[EventDate "2021.??.??"]
[EventType "blitz"]

1. e4 e5 2. Nf3 d5 3. d4 dxe4 4. Nxe5 Bd6 5. Nc4 Nf6 6. Nc3 Nc6 7. Bg5 O-O 8.
Be2 Bf5 9. Nd5 Be7 10. Nxe7+ Qxe7 11. Ne3 Bg6 12. Nd5 Qd6 13. Nxf6+ gxf6 14.
Bh6 Rfe8 15. c3 f5 16. Qd2 Rad8 17. h4 f6 18. Qe3 Ne7 19. Bf4 Qe6 20. Qg3 Nd5
21. Bc4 Kh8 22. O-O-O c6 23. Kb1 b5 24. Bb3 a5 25. Bc7 Rd7 26. Bxa5 Ra8 27. Bb4
Qe8 28. Bxd5 Rxd5 29. h5 Bxh5 30. Rde1 Bg6 31. Rh6 Qf7 32. Reh1 Rg8 33. Qf4 c5
34. Bxc5 Ra8 35. a3 Rg8 36. g3 Rd7 37. Bb4 Qc4 38. Qe3 Qb3 39. Qc1 f4 40. Qxf4
e3+ 41. Rxg6 Rxg6 42. Qxe3 Qd5 43. Qc1 Qf5+ 44. Ka1 Re7 45. Qb1 Re2 46. Qxf5 {
Time forfeit} 1-0

[Event "Rated Blitz game"]
[Site "?"]
[Date "2021.02.22"]
[Round "?"]
[White "Schach_du_Nase"]
[Black "Schachelite"]
[Result "0-1"]
[WhiteElo "2409"]
[BlackElo "2448"]
[PlyCount "44"]
[EventDate "2021.??.??"]
[EventType "blitz"]

1. e4 e5 2. Nf3 d5 3. d4 dxe4 4. Nxe5 Bd6 5. Nc4 Nf6 6. Nxd6+ Qxd6 7. Be2 Nc6
8. O-O Nxd4 9. c3 Nxe2+ 10. Qxe2 O-O 11. Rd1 Qe5 12. h3 b6 13. Be3 Bb7 14. Nd2
Rfe8 15. Re1 Rad8 16. Rad1 c5 17. Nc4 Qe6 18. Na3 Qxa2 19. Bg5 Rxd1 20. Rxd1
Qe6 21. Qc4 Bd5 22. Qa4 Bb3 {Normal} 0-1

[Event "Rated Blitz tournament sqevrulm"]
[Site "?"]
[Date "2021.02.22"]
[Round "?"]
[White "pelesier"]
[Black "Schachelite"]
[Result "1-0"]
[WhiteElo "2294"]
[BlackElo "2460"]
[PlyCount "39"]
[EventDate "2021.??.??"]
[EventType "blitz"]

1. e4 e5 2. Nf3 d5 3. Nxe5 Bd6 4. d4 dxe4 5. Nc3 Nf6 6. Bg5 O-O 7. Bxf6 gxf6 8.
Nc4 f5 9. Qh5 Nc6 10. O-O-O Nxd4 11. Nxd6 Qxd6 12. Qg5+ Kh8 13. Nb5 Nxb5 14.
Rxd6 Nxd6 15. Qf6+ Kg8 16. h4 Ne8 17. Qe7 Be6 18. Rh3 h6 19. Rg3+ Kh7 20. Qxf8
{Normal} 1-0

[Event "Rated Blitz game"]
[Site "?"]
[Date "2021.02.22"]
[Round "?"]
[White "madcap_tr"]
[Black "Schachelite"]
[Result "1-0"]
[WhiteElo "2391"]
[BlackElo "2434"]
[PlyCount "71"]
[EventDate "2021.??.??"]
[EventType "blitz"]

1. e4 e5 2. Nf3 d5 3. Nc3 d4 4. Ne2 Nc6 5. d3 Bb4+ 6. Bd2 Bxd2+ 7. Qxd2 Nge7 8.
Qg5 Ng6 9. Qg3 O-O 10. h4 f5 11. exf5 Bxf5 12. h5 Nf4 13. Nxf4 exf4 14. Qxf4
Qe7+ 15. Be2 Bxd3 16. Qd2 Bxe2 17. Qxe2 Qb4+ 18. Kf1 Rae8 19. Qd3 Qxb2 20. Rd1
Qxa2 21. Ng5 Rf4 22. Qxh7+ Kf8 23. Qh8+ Ke7 24. Re1+ Kd6 25. Qxe8 Qxc2 26. Qe6+
Kc5 27. Ne4+ Kb6 28. g3 Rf8 29. Kg2 a5 30. Rb1+ Ka7 31. Rhc1 Qd3 32. Rxb7+ Kxb7
33. Qxc6+ Ka7 34. Qxc7+ Ka8 35. Qxa5+ Kb7 36. Rc7+ {Normal} 1-0

[Event "Rated Blitz game"]
[Site "?"]
[Date "2021.02.22"]
[Round "?"]
[White "Dean__Winchester"]
[Black "Schachelite"]
[Result "0-1"]
[WhiteElo "2373"]
[BlackElo "2452"]
[PlyCount "78"]
[EventDate "2021.??.??"]
[EventType "blitz"]

1. e4 e5 2. Nf3 d5 3. Nxe5 Bd6 4. Nxf7 Kxf7 5. Qh5+ g6 6. Qxd5+ Kg7 7. b3 Nf6
8. Bb2 Re8 9. Bd3 Nc6 10. O-O Nb4 11. Qg5 Nxd3 12. cxd3 h6 13. Qh4 g5 14. Bxf6+
Qxf6 15. e5 Bxe5 16. Qh5 Bf5 17. Nc3 Bxd3 18. Rfe1 c6 19. Re3 Bxc3 20. Rxe8
Rxe8 21. Qxe8 Bxa1 22. Qd7+ Qf7 23. Qxd3 Qd5 24. Qf1 Bf6 25. Qe1 Qe5 26. Kf1
Qxe1+ 27. Kxe1 Bd4 28. Ke2 Kf6 29. f3 Ke5 30. Kd3 Kd5 31. a4 b5 32. g3 Be5 33.
Ke3 a5 34. g4 Bxh2 35. Kd3 Bf4 36. Kc3 b4+ 37. Kd3 c5 38. Kc2 Kd4 39. Kd1 c4 {
Normal} 0-1

[Event "Rated Blitz game"]
[Site "?"]
[Date "2021.02.22"]
[Round "?"]
[White "DaAlZh"]
[Black "Schachelite"]
[Result "1-0"]
[WhiteElo "2355"]
[BlackElo "2444"]
[PlyCount "101"]
[EventDate "2021.??.??"]
[EventType "blitz"]

1. e4 e5 2. Nf3 d5 3. d3 dxe4 4. dxe4 Qxd1+ 5. Kxd1 Bg4 6. Be2 Nc6 7. c3 O-O-O+
8. Kc2 Bc5 9. Be3 Bxe3 10. fxe3 f6 11. Nbd2 Nge7 12. b4 Bh5 13. a4 Bg6 14. a5
a6 15. b5 axb5 16. Bxb5 Nb8 17. a6 bxa6 18. Bxa6+ Nxa6 19. Rxa6 Kb7 20. Ra4 Ra8
21. Rb1+ Kc6 22. Rc4+ Kd7 23. Rb7 Rhc8 24. Nb3 Kd6 25. Nfd2 Rab8 26. Ra7 Nc6
27. Ra6 Rb6 28. Ra1 Rcb8 29. Rca4 Bf7 30. R1a3 Ke7 31. Nc5 Rb2+ 32. Kc1 Rxd2
33. Kxd2 Rb2+ 34. Kd3 Rxg2 35. Ra6 Bh5 36. Ra2 Rxa2 37. Rxa2 Kd6 38. Nb7+ Kd7
39. Ra8 Ne7 40. Nc5+ Kc6 41. Ne6 g5 42. Rf8 Kd6 43. Ng7 Bg6 44. Rxf6+ Kd7 45.
Nf5 Ng8 46. Rf8 Ne7 47. Nxe7 Kxe7 48. Rc8 Kd7 49. Ra8 h5 50. Ra6 g4 51. Rxg6 {
Time forfeit} 1-0

[Event "Rated Rapid game"]
[Site "?"]
[Date "2021.02.22"]
[Round "?"]
[White "abdulqayyum"]
[Black "Veysi13"]
[Result "1/2-1/2"]
[WhiteElo "2407"]
[BlackElo "2300"]
[PlyCount "140"]
[EventDate "2021.??.??"]
[EventType "rapid"]

1. e4 e5 2. Nf3 d5 3. Nc3 dxe4 4. Nxe4 f5 5. Nc3 e4 6. Ng1 Nf6 7. d3 Bb4 8. Bd2
Nc6 9. dxe4 fxe4 10. Bc4 Bg4 11. f3 Qd4 12. Qe2 Bh5 13. O-O-O O-O-O 14. g4 Bg6
15. Be3 Qe5 16. f4 Qa5 17. f5 Bxc3 18. bxc3 Qxc3 19. Be6+ Kb8 20. Kb1 Rxd1+ 21.
Qxd1 Qxe3 22. fxg6 hxg6 23. h3 Nd4 24. Bb3 Nb5 25. Qc1 Qd4 26. Ne2 Qe5 27. Qb2
Qxb2+ 28. Kxb2 Nxg4 29. Rg1 Ne3 30. Rxg6 c5 31. Rxg7 c4 32. Ba4 a6 33. Bxb5
axb5 34. Re7 Rxh3 35. Rxe4 Ka7 36. a3 Nd1+ 37. Kc1 Nc3 38. Nxc3 Rxc3 39. Kb2
Rh3 40. Re6 b6 41. Re7+ Ka6 42. Re8 b4 43. axb4 Kb5 44. c3 Rh2+ 45. Ka3 Rc2 46.
Re5+ Ka6 47. Re3 b5 48. Re6+ Kb7 49. Re3 Kc7 50. Rh3 Kc6 51. Rh6+ Kd5 52. Rh5+
Ke4 53. Rxb5 Rxc3+ 54. Ka4 Rc1 55. Rc5 Kd4 56. Rc8 Kc3 57. Ka5 Kb3 58. b5 Ra1+
59. Kb6 c3 60. Kb7 c2 61. b6 c1=Q 62. Rxc1 Rxc1 63. Ka7 Ra1+ 64. Kb8 Kb4 65. b7
Kb5 66. Kc7 Rc1+ 67. Kd7 Rd1+ 68. Kc7 Rc1+ 69. Kd7 Rd1+ 70. Kc7 Rc1+ {Normal}
1/2-1/2

[Event "Rated Blitz game"]
[Site "?"]
[Date "2021.02.22"]
[Round "?"]
[White "Schach_du_Nase"]
[Black "CzechProphylaxis"]
[Result "1-0"]
[WhiteElo "2426"]
[BlackElo "2375"]
[PlyCount "61"]
[EventDate "2021.??.??"]
[EventType "blitz"]

1. e4 e5 2. Nf3 d5 3. d4 dxe4 4. Nxe5 Bd6 5. Nc4 Nf6 6. Nxd6+ Qxd6 7. Be2 Nc6
8. c3 Bf5 9. Na3 O-O 10. Nc4 Qd7 11. Bg5 Nd5 12. Ne3 Nxe3 13. fxe3 h6 14. Bf4
Ne7 15. c4 Bh7 16. O-O c6 17. Qe1 Kh8 18. Rd1 Ng6 19. Bg3 f5 20. Qb4 Rad8 21.
a4 b6 22. a5 bxa5 23. Qxa5 Qe7 24. Rxf5 Rxf5 25. Qxf5 Rf8 26. Qc5 Qd7 27. Qd6
Qb7 28. b4 Ne7 29. h3 Rf6 30. Qb8+ Qxb8 31. Bxb8 {Normal} 1-0

[Event "Rated Blitz game"]
[Site "?"]
[Date "2021.02.22"]
[Round "?"]
[White "Marek-Kosiorek"]
[Black "specialprize4u"]
[Result "1-0"]
[WhiteElo "2468"]
[BlackElo "2349"]
[PlyCount "62"]
[EventDate "2021.??.??"]
[EventType "blitz"]

1. e4 e5 2. Nf3 d5 3. exd5 e4 4. Qe2 Nf6 5. Nc3 Be7 6. Nxe4 O-O 7. d3 Re8 8.
Be3 Nxd5 9. O-O-O f5 10. Ne5 Nxe3 11. Qxe3 fxe4 12. dxe4 Bd6 13. Bc4+ Be6 14.
Bxe6+ Rxe6 15. f4 Qe8 16. Qb3 Kh8 17. Qxb7 Bxe5 18. Qxa8 Bxf4+ 19. Kb1 Rb6 20.
Rd3 h6 21. Rhd1 Kh7 22. Rd8 Qb5 23. b3 Nc6 24. Rh8+ Kg6 25. Qe8+ Kg5 26. Rd5+
Qxd5 27. exd5 Ne5 28. Qe7+ Kg6 29. g3 Nf7 30. Rf8 Rf6 31. gxf4 Rxf4 {Normal}
1-0

[Event "Rated Blitz game"]
[Site "?"]
[Date "2021.02.22"]
[Round "?"]
[White "vascodiogo17"]
[Black "geptil"]
[Result "0-1"]
[WhiteElo "2410"]
[BlackElo "2365"]
[PlyCount "132"]
[EventDate "2021.??.??"]
[EventType "blitz"]

1. e4 e5 2. Nf3 d5 3. d3 dxe4 4. dxe4 Qxd1+ 5. Kxd1 Nf6 6. Bd3 Nc6 7. Nbd2 Ng4
8. Ke2 Bc5 9. Rf1 f6 10. h3 Nh6 11. Nb3 Be7 12. Be3 Nf7 13. Rfd1 Be6 14. Nc5
Bxc5 15. Bxc5 O-O-O 16. c3 Rhe8 17. Bb5 Bd7 18. Rd2 a6 19. Ba4 b6 20. Be3 Nb8
21. Bb3 Bb5+ 22. Ke1 Rxd2 23. Nxd2 Nd6 24. a4 Bc6 25. f3 a5 26. Rd1 Na6 27. Nc4
Nb7 28. Bxb6 cxb6 29. Nxb6+ Kc7 30. Nc4 Nac5 31. Bc2 Bxa4 32. Bxa4 Nxa4 33. Ra1
Nb6 34. Ne3 Rd8 35. h4 Kc6 36. h5 Kb5 37. Ke2 Nc4 38. Nf5 Rd2+ 39. Kf1 g6 40.
hxg6 hxg6 41. Ne7 Ne3+ 42. Ke1 Rxb2 43. Rc1 Nc5 44. Rd1 Nxg2+ 45. Kf1 Ne3+ 46.
Ke1 Nxd1 47. Kxd1 Kc4 48. Nd5 Kd3 49. Ke1 a4 50. Nb4+ Rxb4 51. cxb4 a3 52. bxc5
a2 53. Kf2 a1=Q 54. c6 Qa2+ 55. Kg3 Qc4 56. c7 Qc6 57. f4 Qxc7 58. f5 Qc8 59.
Kg4 gxf5+ 60. exf5 e4 61. Kf4 e3 62. Kg3 e2 63. Kg2 e1=Q 64. Kh2 Qe2+ 65. Kg3
Qg8+ 66. Kf4 Qgg4# {Normal} 0-1

[Event "Rated Blitz game"]
[Site "?"]
[Date "2021.02.22"]
[Round "?"]
[White "ExRom"]
[Black "Lorian2514"]
[Result "1/2-1/2"]
[WhiteElo "2409"]
[BlackElo "2428"]
[PlyCount "80"]
[EventDate "2021.??.??"]
[EventType "blitz"]

1. e4 e5 2. Nf3 d5 3. exd5 e4 4. Qe2 Qe7 5. Nd4 Qe5 6. Nb3 Bd6 7. d4 exd3 8.
Qxe5+ Bxe5 9. Bxd3 Nf6 10. O-O O-O 11. c4 c6 12. Nc3 Bxc3 13. bxc3 cxd5 14. Ba3
Rd8 15. Be7 Rd7 16. Bxf6 gxf6 17. cxd5 Rxd5 18. Rad1 Kg7 19. c4 Rd8 20. Be4 Re8
21. Bf3 Nc6 22. Bxc6 bxc6 23. Na5 Be6 24. Rd6 c5 25. f4 f5 26. Re1 Red8 27.
Red1 Rxd6 28. Rxd6 Rb8 29. Rc6 Rb1+ 30. Kf2 Rb2+ 31. Kg3 Rxa2 32. Rxc5 Ra4 33.
Kf3 Ra3+ 34. Kf2 Rc3 35. Nc6 a6 36. Ne5 Kf6 37. h3 h5 38. Ra5 Bxc4 39. Nxc4
Rxc4 40. Rxa6+ Kg7 {Normal} 1/2-1/2

[Event "Rated Blitz game"]
[Site "?"]
[Date "2021.02.22"]
[Round "?"]
[White "Imperatorce"]
[Black "geptil"]
[Result "1-0"]
[WhiteElo "2424"]
[BlackElo "2375"]
[PlyCount "69"]
[EventDate "2021.??.??"]
[EventType "blitz"]

1. e4 e5 2. Nf3 d5 3. exd5 e4 4. Qe2 Nf6 5. d3 Qxd5 6. Nc3 Bb4 7. Bd2 Bxc3 8.
Bxc3 O-O 9. dxe4 Nxe4 10. Rd1 Qf5 11. Bd4 Re8 12. Be3 Nc6 13. c3 a6 14. Qc2 Qg6
15. Bd3 Qxg2 16. Bxe4 Rxe4 17. Qxe4 Bg4 18. Rg1 Bxf3 19. Rxg2 Bxe4 20. Rg3 Bf5
21. f4 Ne7 22. Kf2 c6 23. c4 Be6 24. b3 Nf5 25. Rgg1 f6 26. Rge1 Kf7 27. Bb6
Re8 28. Rd8 Re7 29. Bc5 Rc7 30. Rg1 Ne7 31. Bd6 Rd7 32. Rxd7 Bxd7 33. Bxe7 Kxe7
34. Rxg7+ Ke6 35. Rxh7 {Normal} 1-0

[Event "Rated Blitz game"]
[Site "?"]
[Date "2021.02.22"]
[Round "?"]
[White "patkoschapil"]
[Black "Fantastic_power06"]
[Result "1-0"]
[WhiteElo "2646"]
[BlackElo "2540"]
[PlyCount "81"]
[EventDate "2021.??.??"]
[EventType "blitz"]

1. e4 e5 2. Nf3 d5 3. exd5 e4 4. Qe2 Nf6 5. d3 Qxd5 6. Ng5 Nc6 7. dxe4 Qc5 8.
Nc3 Nd4 9. Qd3 Ng4 10. Be2 Ne5 11. Qd1 h6 12. Be3 Nec6 13. Nf3 Nxf3+ 14. gxf3
Qb4 15. Rb1 Be6 16. f4 Rd8 17. Bd3 Bc5 18. a3 Qb6 19. Qf3 Nd4 20. Qg3 g6 21.
O-O Be7 22. f5 gxf5 23. exf5 Bc8 24. Rbe1 Kf8 25. Kh1 Qc6+ 26. Be4 Nxf5 27. Qf3
Qf6 28. Nd5 Qe5 29. Bf4 Qe6 30. Nxc7 Qg6 31. Be5 Rg8 32. Rg1 Qb6 33. Rxg8+ Kxg8
34. Rg1+ Kf8 35. Bxf5 Bxf5 36. Qxf5 Qc6+ 37. f3 Bg5 38. Rxg5 hxg5 39. Qxg5 Rd1+
40. Kg2 Qg6 41. Ne6+ {Time forfeit} 1-0

[Event "Rated Blitz game"]
[Site "?"]
[Date "2021.02.22"]
[Round "?"]
[White "Chessie07"]
[Black "JHUNJiGz"]
[Result "1/2-1/2"]
[WhiteElo "2236"]
[BlackElo "2422"]
[PlyCount "95"]
[EventDate "2021.??.??"]
[EventType "blitz"]

1. e4 e5 2. Nf3 d5 3. exd5 e4 4. Qe2 Nf6 5. d3 Qxd5 6. Nc3 Bb4 7. Bd2 Bxc3 8.
Bxc3 O-O 9. dxe4 Nxe4 10. Qd3 Nxc3 11. bxc3 Re8+ 12. Be2 Qa5 13. O-O Bf5 14.
Qb5 Qxb5 15. Bxb5 c6 16. Bd3 Bg4 17. Nd4 Nd7 18. Rfe1 Nb6 19. Rab1 Rxe1+ 20.
Rxe1 Nd5 21. c4 Nb6 22. f3 Bh5 23. Re7 Rb8 24. Nf5 Kf8 25. Rc7 Nc8 26. c5 Bg6
27. Nd6 Nxd6 28. cxd6 Bxd3 29. cxd3 Rd8 30. Rxb7 Rxd6 31. Rxa7 Rxd3 32. Rc7
Rd1+ 33. Kf2 Rd2+ 34. Kg3 Rxa2 35. Rxc6 g6 36. h4 Kg7 37. Rb6 h5 38. Rc6 Rd2
39. Rb6 Rc2 40. Ra6 Rd2 41. Rb6 Rc2 42. Ra6 Rb2 43. Rc6 Rd2 44. Ra6 Re2 45. Rb6
Rd2 46. Ra6 Rc2 47. Rb6 Rd2 48. Ra6 {Normal} 1/2-1/2

[Event "Rated Blitz tournament DsrBoDj9"]
[Site "?"]
[Date "2021.02.22"]
[Round "?"]
[White "IZhuk"]
[Black "Artem_0degov"]
[Result "1-0"]
[WhiteElo "2281"]
[BlackElo "2537"]
[PlyCount "73"]
[EventDate "2021.??.??"]
[EventType "blitz"]

1. e4 e5 2. Nf3 d5 3. exd5 e4 4. Nd4 Qxd5 5. Nb3 Nf6 6. Nc3 Qe5 7. Be2 Bd6 8.
d3 O-O 9. d4 Qf5 10. Be3 Nc6 11. Qd2 Nb4 12. a3 Nbd5 13. O-O-O Nxe3 14. fxe3
Qg6 15. g3 a5 16. Nc5 b6 17. Nb3 a4 18. Na1 Bd7 19. Kb1 Rfb8 20. Bb5 c6 21. Be2
b5 22. h4 b4 23. axb4 a3 24. h5 axb2 25. Kxb2 Bxb4 26. Nb3 Ba3+ 27. Kb1 Qg5 28.
h6 g6 29. Bc4 Nd5 30. Nxe4 Qe7 31. Rh4 Bb4 32. Qf2 Nc3+ 33. Kc1 Nxe4 34. Rxe4
Qf8 35. Qf6 Bc3 36. Rf1 Be8 37. Rxe8 {Normal} 1-0

[Event "Rated Blitz game"]
[Site "?"]
[Date "2021.02.22"]
[Round "?"]
[White "DaAlZh"]
[Black "Schachelite"]
[Result "0-1"]
[WhiteElo "2364"]
[BlackElo "2435"]
[PlyCount "102"]
[EventDate "2021.??.??"]
[EventType "blitz"]

1. e4 e5 2. Nf3 d5 3. Nxe5 Bd6 4. d4 dxe4 5. Nc3 Nf6 6. Bg5 O-O 7. Qd2 Bxe5 8.
dxe5 Qxd2+ 9. Bxd2 Ng4 10. Bf4 Nc6 11. h3 Ngxe5 12. Nxe4 Bf5 13. Bd3 Nxd3+ 14.
cxd3 Nd4 15. Rc1 c6 16. Be3 Rad8 17. Nc5 b6 18. Ne4 Rfe8 19. f3 Bg6 20. Kd2 Nf5
21. Rhe1 Nxe3 22. Rxe3 f5 23. Nf2 c5 24. Rce1 Rxe3 25. Rxe3 f4 26. Re7 a5 27.
Kc3 Rd6 28. Ne4 Bxe4 29. fxe4 Rg6 30. Rb7 Rxg2 31. Rxb6 f3 32. e5 Kf7 33. Rb7+
Ke6 34. Rb8 Rg5 35. Kd2 Rxe5 36. Rf8 Re2+ 37. Kc3 f2 38. a3 g5 39. b4 axb4+ 40.
axb4 cxb4+ 41. Kxb4 h5 42. d4 g4 43. hxg4 hxg4 44. Kc5 Ke7 45. Rf4 g3 46. d5
Rc2+ 47. Kb6 Rc1 48. Re4+ Kd6 49. Rf4 f1=Q 50. Rxf1 Rxf1 51. Kb5 Rc1 {Normal}
0-1

[Event "Rated Blitz tournament o4TnWoy7"]
[Site "?"]
[Date "2021.02.21"]
[Round "?"]
[White "RomChartres"]
[Black "Schachelite"]
[Result "1/2-1/2"]
[WhiteElo "2444"]
[BlackElo "2413"]
[PlyCount "123"]
[EventDate "2021.??.??"]
[EventType "blitz"]

1. e4 e5 2. Nf3 d5 3. d4 dxe4 4. Nxe5 Bd6 5. Nc4 Nf6 6. Bg5 O-O 7. Nc3 Nc6 8.
Nxd6 Qxd6 9. d5 Nb4 10. Bxf6 Qxf6 11. a3 Na6 12. Bxa6 bxa6 13. O-O Re8 14. Re1
Bf5 15. Qd2 Rab8 16. b3 h6 17. Rad1 Bg4 18. Rc1 Qg6 19. Qe3 Bf3 20. g3 Qg4 21.
Ne2 g5 22. Nd4 Rbd8 23. Nxf3 exf3 24. Qxe8+ Rxe8 25. Rxe8+ Kg7 26. Kh1 Qh3 27.
Rg1 Qd7 28. Re5 f6 29. Re3 Qxd5 30. Rge1 Qf5 31. Re7+ Kg6 32. R7e3 a5 33. c4 h5
34. a4 h4 35. gxh4 gxh4 36. Rg1+ Kh6 37. Rge1 Qh3 38. Rg1 c5 39. Re8 Kh7 40.
Reg8 Qf5 41. R8g7+ Kh6 42. Rg8 Kh7 43. R1g7+ Kh6 44. Rg4 Qb1+ 45. Rg1 Qh7 46.
R8g4 Kh5 47. Rf4 Qe7 48. Rf5+ Kh6 49. Rf4 Kh5 50. h3 Qe6 51. Rgg4 Qe1+ 52. Kh2
Qxf2+ 53. Kh1 Qf1+ 54. Kh2 Qf2+ 55. Kh1 Qe1+ 56. Kh2 f2 57. Rf5+ Kh6 58. Rxf6+
Kh7 59. Rf7+ Kh6 60. Rf6+ Kh7 61. Rf7+ Kh6 62. Rf6+ {Normal} 1/2-1/2

[Event "Rated Blitz game"]
[Site "?"]
[Date "2021.02.21"]
[Round "?"]
[White "hima_saber80"]
[Black "Fantastic_power06"]
[Result "0-1"]
[WhiteElo "2470"]
[BlackElo "2558"]
[PlyCount "90"]
[EventDate "2021.??.??"]
[EventType "blitz"]

1. e4 e5 2. Nf3 d5 3. d4 dxe4 4. Nxe5 Bd6 5. Bc4 Bxe5 6. Qh5 Qe7 7. dxe5 Be6 8.
Bb3 Bxb3 9. axb3 Nc6 10. Bf4 Nd4 11. Na3 Qe6 12. O-O Qg6 13. Qxg6 hxg6 14. Rfe1
Ne7 15. Be3 Ne6 16. Nb5 a6 17. Nc3 O-O-O 18. Nxe4 Nc6 19. f4 Ncd4 20. Rac1 Nf5
21. g3 Rd7 22. Bf2 Rhd8 23. Nc3 g5 24. g4 Nfd4 25. f5 Nf3+ 26. Kg2 Nxe1+ 27.
Rxe1 Nf4+ 28. Kf3 Rd2 29. Be3 Rxc2 30. Bxf4 gxf4 31. Kxf4 Rxh2 32. e6 fxe6 33.
fxe6 Rxb2 34. Nd5 Rxd5 35. e7 Rd8 36. exd8=Q+ Kxd8 37. Re3 b5 38. Kf5 c5 39.
Re5 c4 40. bxc4 bxc4 41. Rd5+ Ke7 42. Rc5 Rb5 43. Rxb5 axb5 44. Ke5 c3 45. Kd4
c2 {Normal} 0-1

[Event "Rated Blitz tournament wSahRcXR"]
[Site "?"]
[Date "2021.02.21"]
[Round "?"]
[White "Jooin3"]
[Black "geptil"]
[Result "1/2-1/2"]
[WhiteElo "2325"]
[BlackElo "2404"]
[PlyCount "63"]
[EventDate "2021.??.??"]
[EventType "blitz"]

1. e4 e5 2. Nf3 d5 3. Nxe5 Bd6 4. d4 dxe4 5. Bc4 Bxe5 6. Qh5 Qe7 7. Qxe5 Qxe5
8. dxe5 Ne7 9. Bf4 Ng6 10. Bg3 h5 11. h3 h4 12. Bh2 Nc6 13. Bb5 Bd7 14. Bxc6
Bxc6 15. Nd2 O-O-O 16. O-O-O Rhe8 17. Rde1 Nxe5 18. Nxe4 f5 19. Ng5 Bxg2 20.
Rhg1 Nf3 21. Nxf3 Bxf3 22. Rxe8 Rxe8 23. Rxg7 Re1+ 24. Kd2 Rh1 25. Rxc7+ Kd8
26. Bf4 Rxh3 27. Rh7 Ke8 28. Bg5 Rh2 29. Ke3 Be4 30. Rxh4 Rxh4 31. Bxh4 Bxc2
32. a3 {Normal} 1/2-1/2